La separacin̤ matrimonial

Detalles Bibliográficos
Autor principal: Villas de Antonio, Ma. del Rosario
Otros Autores: Sǹchez Garca̕, Pilar Luisa
Formato: Desconocido
Lenguaje:español
Publicado: [Madrid] : Boletn̕ Oficial del Estado, 2003
Materias:
Acceso en línea:Acceso restringido

MARC

LEADER 00000ny a22000003n 4500
005 20110525133551.0
008 080620s2003 sp s 000 0 spa c
020 |a 8434014246 
035 |a 1786 
040 |a UMA.RE  |d vLex 
080 |a 347.627.3(460)(0.034) 
090 |c 284  |d 284 
100 1 |a Villas de Antonio, Ma. del Rosario 
245 1 3 |a La separacin̤ matrimonial  |h [Recurso electrn̤ico]  |c Ma. del Rosario Villas de Antonio, Pilar Luisa Sǹchez Garca̕ 
256 |a Servicio en ln̕ea 
260 |a [Madrid] :  |b Boletn̕ Oficial del Estado,  |c 2003 
506 1 |a Contenido solo disponible en los productos indicados  |d vLex Global  |d vLex Global (Academic Edition, excluding Law Schools)  |d vLex Global (U.S. Academic Edition, Law Schools)  |d vLex Global (U.S. Academic Edition, excluding Law Schools)  |d vLex Global (Academic Edition, Law Schools) 
650 0 4 |2 Tesauro vLex  |a Separacin̤ matrimonial 
650 0 4 |2 Tesauro vLex  |a Familia 
700 1 |a Sǹchez Garca̕, Pilar Luisa 
740 0 |a vLex Libros (Servicios en ln̕ea) 
856 4 0 |z Acceso restringido  |u http://vlex.com/source/separacion-matrimonial-1786 
942 |c BOOK 
999 0 |a Separation (Law)  |b Madrid